Economics of health and health care: International student edition (Record no. 395925)

MARC details
000 -LEADER
fixed length control field 00561 a2200205 4500
005 - DATE & TIME
control field 20260218112405.0
008 - FIXED-LENGTH DATA ELEMENTS--GENERAL INFORMATION
fixed length control field 260218b |||||||| |||| 00| 0 eng d
020 ## - ISBN
International Standard Book Number 9781032311654
Price £ 56.99
040 ## - CATALOGING SOURCE
Original cataloging agency VIVEKANANDA LIBRARY
082 ## - DDC NUMBER
Classification number 338.433621
Book Number F72E(9)
100 ## - MAIN ENTRY--PERSONAL NAME
Personal name Folland, Sherman
245 ## - TITLE STATEMENT
Title Economics of health and health care: International student edition
250 ## - EDITION STATEMENT
Edition statement 9th
260 ## - PUBLICATION, DISTRIBUTION, ETC. (IMPRINT)
Name of publisher, distributor, etc Routledge
Date of publication, distribution, etc 2024
Place of publication, distribution, etc New York
300 ## - PHYSICAL DESCRIPTION
Pages xxxii, 739
650 ## - Subject
Subject Economics- Health
650 ## - Subject
Subject Health Economics
650 ## - Subject
Subject Health Insurance
942 ## - ADDED ENTRY ELEMENTS (KOHA)
Koha item type Books
Holdings
Withdrawn status Lost status Source of classification or shelving scheme Damaged status Not for loan Location (home branch) Sublocation or collection (holding branch) Shelving location Date acquired Koha issues (times borrowed) Koha full call number Accession No. Koha date last seen Koha item type
    Dewey Decimal Classification     VIVEKANANDA LIBRARY VIVEKANANDA LIBRARY Vivekananda Library 03/02/2026   338.433621 F72E 444351 03/02/2026 Books
© Designed and Maintained by Vivekananda Library, MDU Rohtak